Personnalités françaises nées au XXème siècle - Statistiques

Statistiques générales
  • Ce quiz a été pris 196 fois
  • Le résultat moyen est 16 sur 29
Statistiques - réponses
Indices Réponse % Correct
Gendarmes et Saint-Tropez Louis de Funès
90%
N°10 et coup de tête Zinedine Zidane
84%
Salopette et présidentielles Coluche
80%
La Môme et Milord Edith Piaf
80%
Loulou et the Artist Jean Dujardin
80%
Déportée et Académicienne Simone Veil
79%
Cette année là et Podium Claude François
78%
Chocolat et SAV Omar Sy
76%
La Môme et les Oscars Marion Cotillard
75%
Saint-Tropez et BB Brigitte Bardot
74%
Canapé rouge et Champs-Elysées Michel Drucker
71%
James Bond Girl et LOL Sophie Marceau
65%
500 francs et aux armes et caetera Serge Gainsbourg
63%
Les Enfoirés et albums de reprises à répétition Jean Jacques Goldman
60%
Lucy et Léon Luc Besson
59%
Or et tatami Teddy Riner
58%
T'as de beaux yeux tu sais et César d'honneur Jean Gabin
52%
Ministère de l'économie et FMI Christine Lagarde
50%
Disc et Jockey David Guetta
50%
Pape de la Gastronomie et région lyonnaise Paul Bocuse
50%
Camille Claudel et la Reine Margot Isabelle Adjani
47%
Duo et casqué Daft Punk
46%
Arnachoeur et Taxi Vanessa Paradis
37%
33 millions de livres vendus et Et si c'était vrai Marc Lévy
36%
Haute couture et Marlène Dietrich Christian Dior
33%
Les Diaboliques et les Oscars Simone Signoret
25%
Gaston Lenôtre et macarons Pierre Hermé
15%
Balmain et nouveau directeur artistique Olivier Rousteing
12%
Vêtement à rayures et cheveux roux et crêpés Sonia Rykiel
6%
Aucun quiz correspondant
Distribution des résultats
% des personnes avec chaque résultat
Percentile par nombre de réponses
Votre historique - résultats
Vous n’avez pas pris ce quiz